| 000 | 00788nam a2200253 a 4500 | ||
|---|---|---|---|
| 001 | nice12345678 | ||
| 003 | IN_TiNIC | ||
| 005 | 20260116011440.0 | ||
| 008 | 050524s1809 cala grp 000 0 eng | ||
| 020 |
_a _c100 |
||
| 082 | 0 | 0 |
_a297.12405 _bMAT |
| 100 | _aMatthews, A H | ||
| 245 | _aMishcat-Ul-Masabih Or a Collection of the Most Authentic Traditions | ||
| 260 |
_aCalcutta _bT.Hubbard _c1809 |
||
| 500 | _aincludes index and biblioraphy | ||
| 505 | 2 | _aIndex | |
| 505 | 2 |
_aIndex00 _gV1. _tMishcat-Ul-masabih or a Collection of the Most Authentic Traditions Regardi.-- _gV2. _tMishcat-Ul-masabih or a Collection of the Most Authentic Traditions |
|
| 650 | _aIslam-Hadith | ||
| 650 | _aHadith | ||
| 700 | 1 | _aMatthews, A H | |
| 902 | _bRBA | ||
| 942 | _cBK | ||
| 999 |
_c1633 _d1633 |
||